Southville International School and Colleges
Your cart is empty.
  • Cart
  • Lists
    Public lists Eva Luna New books Lux_list list_1
    Your lists Log in to create your own lists
  • Log in to your account
  • Your cookies
  • Search history
Southville International School and Colleges
  • Advanced search
  • Recent comments
  • Most popular
  • Libraries

Log in to your account

Log in with GOOGLE


If you do not have an external account, but do have a local account, you can still log in:

  1. Home
  2. MARC view: 81 years of Premio Zóbel :
Normal view MARC view ISBD view

81 years of Premio Zóbel : (Record no. 16983)

[ view plain ]
MARC details
000 -LEADER
fixed length control field 01384cam a22003854a 4500
001 - CONTROL NUMBER
control field 14926080
003 - CONTROL NUMBER IDENTIFIER
control field OSt
005 - DATE AND TIME OF LATEST TRANSACTION
control field 20140310182850.0
008 - FIXED-LENGTH DATA ELEMENTS--GENERAL INFORMATION
fixed length control field 070713s2006 ph a b 000 0deng
010 ## - LIBRARY OF CONGRESS CONTROL NUMBER
LC control number 2007318305
020 ## - INTERNATIONAL STANDARD BOOK NUMBER
International Standard Book Number 9789718551547
035 ## - SYSTEM CONTROL NUMBER
System control number (OCoLC)ocn123979225
040 ## - CATALOGING SOURCE
Original cataloging agency GZM
Transcribing agency GZM
Modifying agency GZM
-- DLC
042 ## - AUTHENTICATION CODE
Authentication code lccopycat
-- lcode
043 ## - GEOGRAPHIC AREA CODE
Geographic area code a-ph---
050 00 - LIBRARY OF CONGRESS CALL NUMBER
Classification number PQ8717
Item number .B857 2006
082 ## - DEWEY DECIMAL CLASSIFICATION NUMBER
Classification number F899.218
Item number .B857 2006
100 1# - MAIN ENTRY--PERSONAL NAME
Personal name Brillantes, Lourdes Castillo.
245 10 - TITLE STATEMENT
Title 81 years of Premio Zóbel :
Remainder of title a legacy of Philippine literature in Spanish /
Statement of responsibility, etc Brillantes, Lourdes Castrillo.
246 3# - VARYING FORM OF TITLE
Title proper/short title Eighty-one years of Premio Zóbel
246 30 - VARYING FORM OF TITLE
Title proper/short title Legacy of Philippine literature in Spanish
260 ## - PUBLICATION, DISTRIBUTION, ETC. (IMPRINT)
Place of publication, distribution, etc Makati City, Philippines :
Name of publisher, distributor, etc Georgina Padilla y Zóbel, Filippinas Heritage Library,
Date of publication, distribution, etc c2006
300 ## - PHYSICAL DESCRIPTION
Extent xx, 356 p. :
Other physical details ill. ;
Dimensions 26 cm.
504 ## - BIBLIOGRAPHY, ETC. NOTE
Bibliography, etc Includes bibliographical references (p. 350-356).
521 ## - TARGET AUDIENCE NOTE
Target audience note
526 ## - STUDY PROGRAM INFORMATION NOTE
Reading level 1210L -1700L
541 ## - IMMEDIATE SOURCE OF ACQUISITION NOTE
-- 1
562 ## - COPY AND VERSION IDENTIFICATION NOTE
Number of copies for circulation : 1 copy in the collection
600 10 - SUBJECT ADDED ENTRY--PERSONAL NAME
Personal name Ayala, Enrique Zóbel de,
Dates associated with a name 1877-1943.
650 #0 - SUBJECT ADDED ENTRY--TOPICAL TERM
Topical term or geographic name as entry element Literary prizes
Geographic subdivision Philippines
General subdivision History.
650 #0 - SUBJECT ADDED ENTRY--TOPICAL TERM
Topical term or geographic name as entry element Philippine literature (Spanish)
906 ## - LOCAL DATA ELEMENT F, LDF (RLIN)
a 7
b cbc
c origres
d 3
e ncip
f 20
g y-gencatlg
942 ## - ADDED ENTRY ELEMENTS (KOHA)
Source of classification or shelving scheme Library of Congress Classification
Koha item type Books
Call number prefix Filipininana
Holdings
Withdrawn status Lost status Source of classification or shelving scheme Damaged status Home library Current library Shelving location Date acquired Total Checkouts Full call number Barcode Date last seen Copy number Price effective from Koha item type
    Library of Congress Classification   College Library College Library Filipiniana Section 04/19/2012   PQ8717 .B857 2006 c13474 05/08/2018 1 04/19/2012 Books

81 years of Premio Zóbel :

APA

Brillantes L. C., . (2006). 81 years of Premio Zóbel. Makati City, Philippines: Georgina Padilla y Zóbel, Filippinas Heritage Library.

Chicago

Brillantes Lourdes Castillo, . 2006. 81 years of Premio Zóbel. Makati City, Philippines: Georgina Padilla y Zóbel, Filippinas Heritage Library.

Harvard

Brillantes L. C., . (2006). 81 years of Premio Zóbel. Makati City, Philippines: Georgina Padilla y Zóbel, Filippinas Heritage Library.

MLA

Brillantes Lourdes Castillo, . 81 years of Premio Zóbel. Makati City, Philippines: Georgina Padilla y Zóbel, Filippinas Heritage Library. 2006.

  • Place hold
  • Print
  • Cite
  • Add to your cart (remove)
  • Save record
    BIBTEX Dublin Core MARCXML MARC (non-Unicode/MARC-8) MARC (Unicode/UTF-8) MARC (Unicode/UTF-8, Standard) MODS (XML) RIS
  • More searches
    Search for this title in:
    Other Libraries (WorldCat) Other Databases (Google Scholar) Online Stores (Bookfinder.com) Open Library (openlibrary.org)

Exporting to Dublin Core...

SOUTHVILLE LIBRARY

Southville International School and Colleges Library

1281 Tropical Ave. Cor. Luxembourg St., BF Homes International, Las Pinas City

Tel. No. 8256374 / 252358 Loc. 117/146

Powered by Koha